000 00550nam a22001697a 4500
999 _c8550
_d8550
008 201202b ||||| |||| 00| 0 eng d
040 _aBMS College of Architecture
100 _aKabadi, S Nikhita
245 _aPuratattv Institute for heritage conservation Hampi
300 _a55p.
500 _a1BM13AT049
502 _8B,Arch
_NBMS College of Architecture, Visvesvaraya Technological University (VTU)
_aProject report
_d2017
650 _aHeritage
700 _aPraveen Kumar Upadye
_eGuide
700 _aSayee Deodhar
_eGuide
942 _2ddc
_cTHE